KOHA-Header-6

Empowerment (Record no. 9389)

000 -LEADER
fixed length control field 00250nam a2200109Ia 4500
100 ## - MAIN ENTRY--AUTHOR NAME
Personal name Roger Cartwright
245 #0 - TITLE STATEMENT
Title Empowerment
260 ## - PUBLICATION, DISTRIBUTION, ETC. (IMPRINT)
Place of publication India
Name of publisher McGraw Hill
Year of publication 1996
300 ## - PHYSICAL DESCRIPTION
Number of Pages 220
942 ## - ADDED ENTRY ELEMENTS (KOHA)
Koha item type Books
Holdings
Withdrawn status Lost status Collection code Permanent Location Current Location Shelving location Date acquired Full call number Accession Number Koha item type
    Management MAJU MAJU   2019-09-14 944.05 5077 Management

Powered by Koha